Online
Catalog

18 meses de visión programática : (Record no. 13998)

MARC details
000 -CABECERA
campo de control de longitud fija 00799nam a2200205 a 4500
001 - NÚMERO DE CONTROL
campo de control 000014407
003 - IDENTIFICADOR DEL NÚMERO DE CONTROL
campo de control DO-SdBNP
005 - FECHA Y HORA DE LA ÚLTIMA TRANSACCIÓN
campo de control 20220810134026.0
007 - CAMPO FIJO DE DESCRIPCIÓN FÍSICA--INFORMACIÓN GENERAL
campo de control de longitud fija ta
008 - DATOS DE LONGITUD FIJA--INFORMACIÓN GENERAL
campo de control de longitud fija 091211s2006 dr ac 001 0 spa d
040 ## - FUENTE DE LA CATALOGACIÓN
Centro catalogador/agencia de origen DO-SdBNP
Lengua de catalogación spa
Centro/agencia transcriptor BNPHU
049 ## - FONDOS LOCALES (OCLC)
Fondos de biblioteca BNPD
082 ## - NÚMERO DE LA CLASIFICACIÓN DECIMAL DEWEY
Número de clasificación xxxx
Número de documento/Ítem M578v
245 00 - MENCIÓN DE TÍTULO
Título 18 meses de visión programática :
Resto del título Memorias 2005 /
246 13 - FORMA VARIANTE DE TÍTULO
Título propio/Titulo breve Dieciocho meses de visión programática :
Resto del título Memorias 2005.
260 ## - PUBLICACIÓN, DISTRIBUCIÓN, ETC.
Lugar de publicación, distribución, etc. Santo Domingo :
Nombre del editor, distribuidor, etc. INAPA
-- V Centenario,
Fecha de publicación, distribución, etc. 2006.
300 ## - DESCRIPCIÓN FÍSICA
Extensión 81 P. :
Otras características físicas il., retrs. ;
Dimensiones 26 cm.
505 2# - NOTA DE CONTENIDO CON FORMATO
Nota de contenido con formato Palabras del director ejecutivo -- Grandes proyectos -- Proyectos con fondo locales -- Sistemas rurales -- Mejoramiento y optimización de sistemas en servicio -- Inapa hacia el futuro -- Gestión y desarrollo institucional
942 ## - ELEMENTOS DE PUNTO DE ACCESO ADICIONAL (KOHA)
Fuente del sistema de clasificación o colocación Dewey Decimal Classification
Tipo de ítem Koha Libro
Holdings
Estado de retiro Estado de pérdida Fuente del sistema de clasificación o colocación Restricciones de uso No para préstamo Código de colección Localización permanente Ubicación/localización actual Ubicación en estantería Fecha de adquisición Signatura topográfica completa Código de barras Fecha visto por última vez Precio válido a partir de Tipo de ítem Koha
    Dewey Decimal Classification Excluido de préstamo   Patrimonio Dominicano Biblioteca Nacional Pedro Henríquez Ureña Biblioteca Nacional Pedro Henríquez Ureña En catalogación 11.12.2009 xxxx M578v 14407-10 25.06.2020 25.06.2020 Libro

Powered by Koha